Subcultura: el significado del estilo
-д хадгалсан:
| Үндсэн зохиолч: | |
|---|---|
| Формат: | Ном |
| Хэл сонгох: | испани |
| Хэвлэсэн: |
Barcelona
Paidós
2004
|
| Хэвлэл: | 1a. ed |
| Нөхцлүүд: | |
| Шошгууд: |
Шошго нэмэх
Шошго байхгүй, Энэхүү баримтыг шошголох эхний хүн болох!
|
MARC
| LEADER | 00000cam a2200000 a 4500 | ||
|---|---|---|---|
| 001 | UCD2972 | ||
| 003 | CL-VaPUC | ||
| 008 | 160520e20040000sp |||||||||||||||||spa|d | ||
| 020 | |a 9788449316098 | ||
| 082 | 0 | 4 | |a 305 |b HEB |2 21 |
| 100 | 0 | |a Hebdige, Dick |e author |9 586368 | |
| 245 | 1 | 0 | |a Subcultura: el significado del estilo |
| 250 | |a 1a. ed | ||
| 300 | |a 259 p | ||
| 942 | |c BK | ||
| 945 | |d 20160520 11:34:00 |a dcastane | ||
| 260 | |a Barcelona |b Paidós |c 2004 | ||
| 650 | 7 | |a SUBCULTURAS |2 CL-VaPUC |9 342173 | |
| 650 | 0 | |a Grupos sociales |9 268887 | |
| 650 | 0 | |a Juventud |9 271073 | |
| 583 | |a last modification |c 20160520 11:34:00 |k Rodrigo Vera | ||
| 999 | |c 364081 |d 364079 | ||
| 952 | |0 0 |1 0 |3 erb |4 0 |6 305_000000000000000_HEB_2004 |7 0 |8 A |9 476993 |a FDOPOS |b FDOPOS |i 5287480 |o 305 HEB 2004 |p 5287480 |r 2025-01-22 |w 2019-11-24 |y BK |z Catalogado en:20160520 |k MLH | ||